Axis /
Saved in:
| Main Author: | |
|---|---|
| Corporate Authors: | , |
| Other Authors: | , , , |
| Format: | Audio |
| Language: | French |
| Published: |
New York, NY :
Mode Records,
[2015]
|
| Subjects: | |
| Tags: |
Add Tag
No Tags, Be the first to tag this record!
|
| LEADER | 02571cjm a2200589Ii 4500 | ||
|---|---|---|---|
| 001 | 014427331-4 | ||
| 005 | 20150713102826.0 | ||
| 008 | 150422p20152010nyuuunn dfi n fre d | ||
| 024 | 7 | |a 00764593028321 |2 gtin-14 | |
| 024 | 1 | |a 764593028321 | |
| 028 | 0 | 2 | |a mode 283 |b Mode |
| 035 | 0 | |a ocn908094091 | |
| 040 | |a BTCTA |b eng |e rda |c BTCTA |d BUF | ||
| 041 | 0 | |d fre |g eng |g fre |g ger |m eng | |
| 100 | 1 | |a Nielson, Lewis, |e composer. | |
| 240 | 1 | 0 | |a Instrumental music. |k Selections |
| 245 | 1 | 0 | |a Axis / |c Lewis Nielson. |
| 264 | 1 | |a New York, NY : |b Mode Records, |c [2015] | |
| 264 | 4 | |c ℗2015 | |
| 300 | |a 1 audio disc ; |c 4 3/4 in. | ||
| 306 | |a 002343 |a 002117 |a 001422 | ||
| 336 | |a performed music |b prm |2 rdacontent | ||
| 337 | |a audio |b s |2 rdamedia | ||
| 338 | |a audio disc |b sd |2 rdacarrier | ||
| 344 | |a digital |b optical |2 rda | ||
| 347 | |a audio file |b CD audio |2 rda | ||
| 382 | 0 | 1 | |a violin |n 2 |a viola |n 1 |a cello |n 1 |s 4 |2 lcmpt |
| 382 | 0 | 1 | |a percussion |n 6 |s 6 |2 lcmpt |
| 382 | 0 | 1 | |b percussion |n 1 |a violin |n 2 |a viola |n 1 |a cello |n 2 |s 6 |2 lcmpt |
| 500 | |a Title from disc label. | ||
| 511 | 0 | |a The JACK Quartet (Christopher Otto, ari Streisfeld, violins; John Pickford Richards, viola; Kevin McFarland, cello); red fish blue fish; Steven Schick, conductor (on Tocsin), percussion (on Axis); Emily DuFour, cello (on Axis); Nicholas DeMaison, conductor (on Axis). | |
| 518 | |3 Le journal du corps; Axis |o Recorded |d 2013 May 15-20 |p Oktaven Studio, Yonkers, NY. | ||
| 518 | |3 Tocsin |o Recorded |d 2012 December 10 |p Conrad Prebys Center, Department of Music, University of California, San Diego, La Jolla, CA. | ||
| 500 | |a Program and biographical notes in English, French, and German inserted in container. | ||
| 505 | 0 | |a Le journal du corps (23:43) -- Tocsin (21:17) -- Axis (Sandman) (14:22). | |
| 650 | 0 | |a String quartets. | |
| 650 | 0 | |a Percussion ensembles. | |
| 650 | 0 | |a Percussion with string ensemble. | |
| 650 | 0 | |a Sextets (Percussion, violins (2), viola, cello) | |
| 655 | 7 | |a Chamber music. |2 lcgft | |
| 700 | 1 | |a Schick, Steven, |e conductor, |e instrumentalist. | |
| 700 | 1 | |a DuFour, Emily, |e instrumentalist. | |
| 700 | 1 | |a DeMaison, Nicholas, |d 1979- |e conductor. | |
| 700 | 1 | 2 | |i Container of (work): |a Nielson, Lewis. |t Journal du corps. |
| 700 | 1 | 2 | |i Container of (work): |a Nielson, Lewis. |t Tocsin. |
| 700 | 1 | 2 | |i Container of (work): |a Nielson, Lewis. |t Axis (Sandman) |
| 710 | 2 | |a JACK Quartet, |e instrumentalist. | |
| 710 | 2 | |a Red Fish Blue Fish (Musical group), |e instrumentalist. | |
| 899 | |a 415_565454 | ||
| 988 | |a 20150713 | ||
| 049 | |a HMUU | ||
| 906 | |0 OCLC | ||


